000 00238nam a2200109Ia 4500
008 240126s9999 xx 000 0 und d
041 _aEnglish
245 0 _aIETE Technical Review (1997 -
260 _bIETE
440 _aI
942 _cJN
999 _c253950
_d253950